Hồn thơ thế kỷ: Bình luận một số bài thơ nổi tiếng của thế kỷ Hai mươi
Saved in:
| Main Author: | |
|---|---|
| Format: | Book |
| Language: | Undetermined |
| Published: |
H.
Thanh niên
2003
|
| Subjects: | |
| Online Access: | http://lrc.tdmu.edu.vn/opac/search/detail.asp?aID=2&ID=3308 |
| Tags: |
Add Tag
No Tags, Be the first to tag this record!
|
| Institutions: | Trung tâm Học liệu Trường Đại học Thủ Dầu Một |
|---|
| LEADER | 00695nam a2200193Ia 4500 | ||
|---|---|---|---|
| 001 | TDMU_3308 | ||
| 008 | 210410s9999 xx 000 0 und d | ||
| 082 | |a 895.92213409 | ||
| 090 | |b An49 | ||
| 100 | |a Anh Ngọc | ||
| 245 | 0 | |a Hồn thơ thế kỷ: Bình luận một số bài thơ nổi tiếng của thế kỷ Hai mươi | |
| 245 | 0 | |c Anh Ngọc | |
| 260 | |a H. | ||
| 260 | |b Thanh niên | ||
| 260 | |c 2003 | ||
| 300 | |a 389tr. | ||
| 650 | |a Văn học Việt Nam |x Thi ca |x Phê bình; Thi ca Việt |x Phê bình | ||
| 856 | |u http://lrc.tdmu.edu.vn/opac/search/detail.asp?aID=2&ID=3308 | ||
| 980 | |a Trung tâm Học liệu Trường Đại học Thủ Dầu Một | ||